000 01165cam a2200313 a 4500
999 _c7860
_d7860
001 1655526
003 GBCCL
005 20241126110638.0
008 971027s1998 tnu b 000 0 eng
010 _a 97046004
020 _a0849913373 (hardcover)
020 _a0849943876
040 _aDLC
_cDLC
_dDLC
050 0 0 _aBT732.7
_b.Z33 1998
082 0 0 _a248.86
_221
_bZAC
100 1 _aZacharias, Ravi K.
_987
245 1 0 _aCries of the heart :
_bbringing God near when He feels so far /
_cRavi Zacharias.
260 _aChennai :
_bRZIM.,
_cc1997.
300 _axvi, 224 p. ;
_c24 cm.
504 _aIncludes bibliographical references (p. 219-224).
650 0 _aPain
_xReligious aspects
_xChristianity.
_97824
650 0 _aSuffering
_xReligious aspects
_xChristianity.
_9472
650 0 _aApologetics.
_985
650 0 _aChristianity
_xEssence, genius, nature.
_91099
856 4 2 _3Publisher description
_uhttp://www.loc.gov/catdir/enhancements/fy0609/97046004-d.html
906 _a7
_bcbc
_corignew
_d1
_eocip
_f19
_gy-gencatlg
942 _2ddc
_cBK
_03